| 000 | 00734nam a2200229 4500 | ||
|---|---|---|---|
| 001 | 139505 | ||
| 003 | ES-MaACL | ||
| 005 | 20251002195933.0 | ||
| 007 | t| | ||
| 008 | 070214s1980 sp r ||||1| spa d | ||
| 020 | _a84-85361-20-2 | ||
| 100 | 1 |
_aScheer, Léo. _9104262 |
|
| 245 | 1 | 3 |
_aLa sociedad sin amo _b: ensayo sobre la sociedad de masa / _cLéo Scheer ; [traducción, Luciano F. Rincón]. |
| 260 |
_aBarcelona : _bRuedo Ibérico, _c1980. |
||
| 300 |
_a98 p. ; _c21 cm. |
||
| 650 | 4 |
_aSociedad de masas. _9169817 |
|
| 650 | 0 | 0 |
_aSociedad postindustrial. _917176 |
| 700 | 1 |
_aRincón, Luciano, _d1933-1993 _9171727 |
|
| 710 | 2 |
_aÉditions Ruedo ibérico. _9145333 |
|
| 852 |
_aES-MaACL _jL-3437 |
||
| 999 |
_c139505 _d139505 |
||